000 00485nam a2200157 a 4500
001 000035509
003 DO-SdBNP
005 20220125091511.0
008 111102s1987 dr 000 0 spa d
040 _aDO-SdBNP
_bspa
_cBNPHU
110 2 _aDirección General de Medios Educativos
_961395
245 1 0 _aManual de formación cívica /
260 _aSantiago de los Caalleros, República Dominicana :
_bEditora Teófilo,
_c1987.
300 _a91 p. :
_bil. ;
_c22 cm.
942 _2ddc
_cLBS1
999 _c35000
_d35000